|
|
|
|
| LEADER |
00000cam a22000004a 4500 |
| 001 |
musev2_35555 |
| 003 |
MdBmJHUP |
| 005 |
20230905043736.0 |
| 006 |
m o d |
| 007 |
cr||||||||nn|n |
| 008 |
141103s2014 mdu o 00 0 eng d |
| 020 |
|
|
|a 9781421415598
|
| 020 |
|
|
|z 9781421415581
|
| 035 |
|
|
|a (OCoLC)894227826
|
| 040 |
|
|
|a MdBmJHUP
|c MdBmJHUP
|
| 100 |
1 |
|
|a Clark, Beverly Lyon,
|e author.
|
| 245 |
1 |
4 |
|a The Afterlife of "Little Women" /
|c Beverly Lyon Clark.
|
| 264 |
|
1 |
|a Baltimore :
|b Johns Hopkins University Press,
|c 2014.
|
| 264 |
|
3 |
|a Baltimore, Md. :
|b Project MUSE,
|c 2015
|
| 264 |
|
4 |
|c ©2014.
|
| 300 |
|
|
|a 1 online resource (288 pages).
|
| 336 |
|
|
|a text
|b txt
|2 rdacontent
|
| 337 |
|
|
|a computer
|b c
|2 rdamedia
|
| 338 |
|
|
|a online resource
|b cr
|2 rdacarrier
|
| 505 |
0 |
|
|a Becoming everyone's aunt, 1868-1900 -- Waxing nostalgic, 1900-1930 -- Outwitting poverty and war, 1930-1960 -- Celebrating sisterhood and passion since 1960.
|
| 588 |
|
|
|a Description based on print version record.
|
| 600 |
1 |
7 |
|a Alcott, Louisa May,
|d 1832-1888
|2 fast
|0 (OCoLC)fst00043946
|
| 600 |
1 |
1 |
|a Alcott, Louisa May,
|d 1832-1888.
|t Little women.
|
| 600 |
1 |
1 |
|a Alcott, Louisa May,
|d 1832-1888
|x Influence.
|
| 600 |
1 |
0 |
|a Alcott, Louisa May,
|d 1832-1888
|x Influence.
|
| 600 |
1 |
0 |
|a Alcott, Louisa May,
|d 1832-1888.
|t Little women.
|
| 650 |
|
7 |
|a Influence (Literary, artistic, etc.)
|2 fast
|0 (OCoLC)fst00972484
|
| 650 |
|
7 |
|a LITERARY CRITICISM
|x American
|x General.
|2 bisacsh
|
| 630 |
0 |
7 |
|a Little women (Alcott, Louisa May)
|2 fast
|0 (OCoLC)fst01360526
|
| 655 |
|
7 |
|a Electronic books.
|2 local
|
| 710 |
2 |
|
|a Project Muse.
|e distributor
|
| 830 |
|
0 |
|a Book collections on Project MUSE.
|
| 856 |
4 |
0 |
|z Texto completo
|u https://projectmuse.uam.elogim.com/book/35555/
|
| 945 |
|
|
|a Project MUSE - Custom Collection
|
| 945 |
|
|
|a Project MUSE - 2015 Literature
|
| 945 |
|
|
|a Project MUSE - 2015 Complete
|